Flores R. P. F. Lodoici Granatensis Ex Omnibvs Eivs Opvscvlis spiritualibus iam recens summa fide excerpti, & in octo partes distributi. Collectore Et Interprete Michaele ab Isselt Amorfortio

Bibliographic Details
Main Author: Luis de Granada, 1504-1588 (Author)
Corporate Author: Quentel, Johann - dedičia: Calenius, Gerwin (Kolín nad Rýnom, Nemecko) (Printer)
Other Authors: Isselt, Michiel van, zomrel 1597 (Dedicator, Commentator for written text), Boccapaduli, Antonio, 1530-1593 (Dedicator), Quentel, Johann, dedičia, 16. storočie (Printer), Calenius, Gerwin, 1525-1600 (Printer)
Format: Book
Language:Latin
PhysicalDescription:[18], 396 [=407] listov 12° 13 × 8 cm
Published: Coloniae Apud Geruinum Calenium, [et] haeredes Ioannis Quentelij Anno M. D. LXXXVIII. [=1588]
Subjects:

MARC

LEADER 00000nam a2200000 a 4500
001 vtls001516323
003 SK-MaSNL
005 20260302073858.0
008 251112s1588 gw f 011 0 lat
015 |a SNBHFA1588 
035 |a urn:nbn:sk:snk-am00fj9p 
035 |a urn:nbn:sk:snk-am3ivcv 
035 |a C6D532C2-54CB-4D8A-9C45-FE22835500A0 
040 |a SNKHF  |b slo  |c SNK  |e AACR2 
041 0 |a lat 
044 |a gw  |c DE 
072 7 |a 2-1  |x Prirodzená teológia. Náboženská filozofia  |2 konspekt 
080 |a 2‑1  |2 2011 
080 |a 2‑21  |2 2011 
080 |a 2‑273  |2 2011 
100 0 |a Luis de Granada,  |d 1504-1588  |4 aut  |9 140419 
245 1 0 |a Flores R. P. F. Lodoici Granatensis  |b Ex Omnibvs Eivs Opvscvlis spiritualibus iam recens summa fide excerpti, & in octo partes distributi. Collectore Et Interprete Michaele ab Isselt Amorfortio 
260 |a Coloniae  |b Apud Geruinum Calenium, [et] haeredes Ioannis Quentelij  |c Anno M. D. LXXXVIII. [=1588] 
300 |a [18], 396 [=407] listov  |c 12°  |c 13 × 8 cm 
500 |a Vineta, iniciálky s ornamentálnym pozadím vo voľnom priestore na 4 riadky 
504 |a Marginálie, kustody 
508 |a Dedikácia: Isselt, Michiel van; Gregor XIII. - pápež; Boccapaduli, Antonio; Egmond, Otto 
510 4 |a VD 16 L/3211 
546 |a Latinčina  |b Antiqua  |b Kurzíva 
550 |a Impresum doplnené z VD 16 
561 |a Z knižnice františkánov Bratislava. - Elipsovitá pečiatka Bibliotheca Prov. S. Mariae O. FF. M.  |5 SNK IE 10365 
561 |a Z knižnice františkánov Skalica.  |5 SNK IE 10365/D1 
562 |a Rukopisné poznámky a marginálie v latinčine.; Rukopisný exlibris: Contus Posoniensis frum Minor S Francisci; Defekt: chýba titulný list.  |5 SNK IE 10365 
562 |a Rukopisné poznámky a marginálie v latinčine.; Rukopisné exlibrisy: Coñtus Zakolczensis. - [...] Tyrnavieñ donat P. [...] A. V. Symboliũ [...] memoria 17. Julij dn. 1622.  |5 SNK IE 10365/D1 
563 |a Väzba: žlto-hnedá koža s ornamentálnou slepotlačou, stopy po dvoch šnúrkach, chrbát prefarbený dočervena, rozpadávajúca.  |5 SNKIE 10365 
563 |a Väzba: žltá koža s ornamentálno-figurálnou slepotlačou a dvoma kovovými sponami.  |5 SNK IE 10365/D1 
650 0 7 |a teológia  |2 SNKPH  |9 1814 
650 0 7 |a argumenty  |2 SNKPH  |9 21134 
650 0 7 |a interpretácie  |2 SNKPH  |9 434052 
655 7 |a komentáre  |2 SNKPH  |9 70412 
700 0 |a Gregor  |b XIII.,  |c pápež,  |d 1502-1585  |4 hnr  |4 oth  |9 72882 
700 1 |a Isselt, Michiel van,  |d zomrel 1597  |4 dto  |4 cwt  |9 162838 
700 1 |a Boccapaduli, Antonio,  |d 1530-1593  |4 dto  |9 126747 
700 1 |a Egmond, Otto,  |d 1522-1586  |4 hnr  |9 72555 
700 1 |a Quentel, Johann,  |c dedičia,  |d 16. storočie  |4 prt  |9 179061 
700 1 |a Calenius, Gerwin,  |d 1525-1600  |4 prt  |9 179062 
710 1 |a Františkáni (Bratislava, Slovensko)  |4 fmo  |9 281881 
710 1 |a Quentel, Johann - dedičia: Calenius, Gerwin (Kolín nad Rýnom, Nemecko),  |d 1557-1597  |4 prt  |9 179063 
710 1 |a Františkáni (Skalica, Slovensko)  |4 fmo  |9 305294 
752 |a Nemecko  |d Kolín nad Rýnom 
852 |a snk  |b Františkáni Bratislava  |p IE 10365 
852 |a snk  |b Františkáni Skalica  |p IE 10365/D1 
958 |a ONDV 
958 |a DA 
999 |c 1162695  |d 1164625 
952 |t Fr Ba 2983  |a SNK  |b SNK  |c SNK_HF  |y PREZ  |7 0  |p 17A1354674  |o snkIE 10365  |i snk2019/2868  |8 5  |0 0  |1 0  |4 0  |d 2005-04-05  |f 1  |l 0  |r 2005-04-05 00:00:00  |w 2026-02-24 
952 |t Fr Sk 22 757/102  |a SNK  |b SNK  |c SNK_HF  |y PREZ  |7 0  |p 17A1303076  |o snkIE 10365 D1  |i snk2019/23253  |8 5  |0 0  |1 0  |4 0  |d 2005-04-05  |f 1  |l 0  |r 2005-04-05 00:00:00  |w 2026-02-24